WNBA Top 25 All-Time: Points - Statistics

General Stats
  • This quiz has been taken 299 times
    196 since last reset
  • The average score is 11 of 25
Answer Stats
# Player Points % Correct
1 Diana Taurasi 10,646
94%
8 Sue Bird 6,803
88%
20 Breanna Stewart 5,637
67%
10 Candace Parker 6,574
65%
18 Brittney Griner 5,678
63%
2 Tina Charles 7,884
56%
13 Lisa Leslie 6,263
54%
3 DeWanna Bonner 7,546
49%
T14 Lauren Jackson 6,005
45%
5 Tamika Catchings 7,380
45%
11 Katie Smith 6,452
44%
25 Tangela Smith 5,046
42%
12 Sylvia Fowles 6,415
39%
4 Tina Thompson 7,488
39%
9 Nneka Ogwumike 6,700
38%
16 Becky Hammon 5,841
33%
21 DeLisha Milton-Jones 5,571
32%
19 Jewell Loyd 5,659
29%
T14 Seimone Augustus 6,005
29%
24 Swin Cash 5,119
27%
23 Lindsay Whalen 5,523
22%
6 Candice Dupree 6,895
21%
7 Cappie Pondexter 6,811
19%
17 Angel McCoughtry 5,797
17%
22 Katie Douglas 5,560
16%
No matching quizzes found
Score Distribution
Percent of People with Each Score
Percentile by Number Answered
Your Score History
You have not taken this quiz since the last reset